First things first : To live, to love, to learn, to leave a legacy

Salvato in:
Dettagli Bibliografici
Autore principale: Covey, Stephen R.
Natura: Libro
Lingua:Undetermined
Pubblicazione: New York Simon & Schuster 1994
Soggetti:
Tags: Aggiungi Tag
Nessun Tag, puoi essere il primo ad aggiungerne! !
Thư viện lưu trữ: Trung tâm Học liệu Trường Đại học Cần Thơ
LEADER 00541nam a2200193Ia 4500
001 CTU_98734
008 210402s9999 xx 000 0 und d
082 |a 158.1 
082 |b C873 
100 |a Covey, Stephen R. 
245 0 |a First things first : 
245 0 |b To live, to love, to learn, to leave a legacy 
245 0 |c Stephen R. Covey 
260 |a New York 
260 |b Simon & Schuster 
260 |c 1994 
650 |a Conduct of life,Time management 
904 |i Truc 
980 |a Trung tâm Học liệu Trường Đại học Cần Thơ